zpět

Detail výsledku týmu

Kyjovský pivovar, Kyjov

Datum a čas kvízu

22.5 Celkem bodů Celkový počet nahraných bodů na tomto kvízu bez doplňovacích otázek.
8. Pořadí na kvízu Konečné umístění týmu na tomto kvízu.

Zaznamenané odpovědi

# Otázka Odpověď Body Výsledky
1. Minulý týden se publicista a ř... kvůli alkoholu 0
2. Oblíbená turistická atrakce, 6... v Krakově 1
3. Ministerstvo kultury učinilo d... C) česká pivní kultura 1
4. Jak se nazývá zvířecí znamení... had 1
5. O víkendu proběhly v Ostravě k... (Jižní) Korea, Tomáš Berdych 0.5
6. Začneme největšími společnými... Poupata 0
7. Tento taneční fitness program... zumba 1
8. Cvičení na tomto „půlmíči“ je... BOSU 1
9. Bikram jóga je speciální druh... C) cvičí se v sále vyhřátém na 42 °C 0
10. Tato žena se narodila v roce 1... Jane Fonda 0